• 首页
  • 本馆介绍
  • 公告通知
  • 最新文献
  • 馆藏检索
  • 电子资源
  • 读者导购
  • 参考咨询
  • 我的图书馆
  • 登录
  • 详细信息显示
  • 放入我的书架
  • 预约/预借图书
  • 作者相关作品
  • 分类相关作品
  • 丛书相关作品
  • 出版社相关作品

书目信息

  • 表格格式
  • 工作单格式
  • 卡片格式
题名:
中国可持续发展核算体系(SSDA)
    
 
作者: 李金华 著
分册:  
出版信息: 北京   社会科学文献出版社  2000.02
页数: 252页
开本: 32开
丛书名: 中国经济运行丛书
单 册:
中图分类: F221
科图分类:
主题词: 经济--计算 , 国民经济计算体系--中国
电子资源:
ISBN: 7-80149-279-X
000 00688nam0 2200229 45
001 0106111710
005 20031219104050.5
010    @a7-80149-279-X@dCNY16.80
100    @a20010611d2000 km y0chiy0120 ea
101 0  @achi
105    @a z 000yy
200 1  @a中国可持续发展核算体系(SSDA)@AZhong Guo Ke Chi Xu Fa Zhan He Suan TiXi(SSDA)@f李金华著@FLi Jin Hua Zhu
210    @a北京@c社会科学文献出版社@d2000.02
215    @a252页@d32开
225    @a中国经济运行丛书
410    @12001 @a中国经济运行丛书
606 0  @a经济@x计算
606 0  @a国民经济计算体系@y中国
690    @aF221@v4
701    @a李金华@4著
801    @aCN@bTSTC@c20010611
905    @f5@b298391-395@dF221@e112
    
    中国可持续发展核算体系(SSDA)/李金华著.-北京:社会科学文献出版社,2000.02
    252页;32开.-(中国经济运行丛书)
    
    
    ISBN 7-80149-279-X:CNY16.80
    
●
相关链接 在E读中查询图书 在五车中查询图书 在当当中查询图书 在豆瓣中查询图书


正题名:中国可持续发展核算体系(SSDA)     索取号:F221/112         预约/预借

序号 登录号 条形码 馆藏地/架位号 状态 备注
1 0298391   202983913   第一借阅区/ [索取号:F221/112] 在馆    
2 0298392   202983922   第一借阅区/ [索取号:F221/112] 在馆    
3 0298393   202983931   第一借阅区/ [索取号:F221/112] 在馆    
4 0298394   202983940   第一借阅区/ [索取号:F221/112] 在馆    
5 0298395   202983959   第一样本阅览室/ [索取号:F221/112] 在馆    
唐山师范学院图书馆 欢迎您!
大连网信软件有限公司© 版权所有